000 00524nam a2200205Ia 4500
003 OSt
005 20230605155724.0
008 210423s2003 xx 000 0 und d
040 _cAL
041 _aeng
082 _a307.76 NARU
_223
100 _aNARASAIAH (M Lakshmi)
_9119666
245 _aUrbanisation and cities
260 _bDiscovery Publishing House
_c2003
365 _b275
_cINR
650 _aSociology
_9119667
650 _aUrban Communities
_9119668
906 _acities ; Urbanisation
942 _2ddc
_cBK
999 _c173780
_d173780